Napoleonic Nations by Guard - Statistics

General Stats
  • This quiz has been taken 70 times
  • The average score is 6 of 13
Answer Stats
Picture Answer % Correct
France
94%
UK
94%
Prussia
77%
Russia
74%
Spain
58%
Sweden
58%
Italy
55%
Denmark
32%
Holland
25%
Naples
21%
Spain
13%
Westphalia
11%
Saxony
9%
No matching quizzes found
Score Distribution
Percent of People with Each Score
Percentile by Number Answered
Your Score History
You have not taken this quiz